Anadolu Evliyaları-1 / (Record no. 200453713)
[ view plain ]
| 000 -LEADER | |
|---|---|
| fixed length control field | 01364cjm a2200325 i 4500 |
| 001 - CONTROL NUMBER | |
| control field | 1048011145 |
| 003 - CONTROL NUMBER IDENTIFIER | |
| control field | TR-AnTOB |
| 005 - DATE AND TIME OF LATEST TRANSACTION | |
| control field | 20230809135907.0 |
| 006 - FIXED-LENGTH DATA ELEMENTS--ADDITIONAL MATERIAL CHARACTERISTICS | |
| fixed length control field | j||||gr|||| 00| |
| 007 - PHYSICAL DESCRIPTION FIXED FIELD--GENERAL INFORMATION | |
| fixed length control field | sd fu|gnn|m|ed |
| 008 - FIXED-LENGTH DATA ELEMENTS--GENERAL INFORMATION | |
| fixed length control field | 180808s2017 enkmunn n eng d |
| 040 ## - CATALOGING SOURCE | |
| Original cataloging agency | TR-AnTOB |
| Language of cataloging | eng |
| Description conventions | rda |
| Transcribing agency | TR-AnTOB |
| 041 ## - LANGUAGE CODE | |
| Language code of text/sound track or separate title | Türkçe |
| 050 #4 - LIBRARY OF CONGRESS CALL NUMBER | |
| Classification number | M2188.S8 |
| Item number | A53 2017 |
| 090 ## - LOCALLY ASSIGNED LC-TYPE CALL NUMBER (OCLC); LOCAL CALL NUMBER (RLIN) | |
| Classification number (OCLC) (R) ; Classification number, CALL (RLIN) (NR) | AV M2188.S8 |
| Local cutter number (OCLC) ; Book number/undivided call number, CALL (RLIN) | A53 2017 |
| 245 00 - TITLE STATEMENT | |
| Title | Anadolu Evliyaları-1 / |
| Statement of responsibility, etc. | Sanat yönetmeni M.ihsan Özer. |
| 264 #1 - PRODUCTION, PUBLICATION, DISTRIBUTION, MANUFACTURE, AND COPYRIGHT NOTICE | |
| Place of production, publication, distribution, manufacture | Ankara : |
| Name of producer, publisher, distributor, manufacturer | T.C. Kültür ve Turizm Bakanlığı, |
| Date of production, publication, distribution, manufacture, or copyright notice | 2017. |
| 300 ## - PHYSICAL DESCRIPTION | |
| Extent | 1 audio discs : |
| Other physical details | CD audio, digital ; |
| Dimensions | 4 3/4 in |
| 336 ## - CONTENT TYPE | |
| Content type term | performed music |
| Content type code | prm |
| Source | rdacontent |
| 337 ## - MEDIA TYPE | |
| Media type term | audio |
| Media type code | s |
| Source | rdamedia |
| 338 ## - CARRIER TYPE | |
| Carrier type term | audio disc |
| Carrier type code | sd |
| Source | rdacarrier |
| 340 ## - PHYSICAL MEDIUM | |
| Dimensions | 4 3/4 in |
| 344 ## - SOUND CHARACTERISTICS | |
| Type of recording | digital |
| Recording medium | optical |
| Playing speed | 1.4 m/s |
| Source | rda |
| 347 ## - DIGITAL FILE CHARACTERISTICS | |
| File type | audio file |
| Encoding format | CD audio |
| Source | rda |
| 505 00 - FORMATTED CONTENTS NOTE | |
| Title | Disc 1. |
| -- | Tanbur Taksimi |
| -- | Hicaz Hümayun İlahi |
| -- | Beyati Ayin-i Şerif |
| -- | Hicaz İlahi |
| -- | Hicaz İlahi |
| -- | Rebab Taksimi |
| -- | Acem İlahi |
| -- | Beyati İlahi |
| -- | Acem Kürdi Nefes |
| -- | Isfahan İlahi |
| -- | Ney Taksimi |
| -- | Hüseyni İlahi |
| -- | Hüseyni İlahi |
| -- | Uşşak İlahi |
| -- | Kanun Taksimi |
| -- | Rast İlahi |
| -- | Rast İlahi |
| -- | Rast İlahi |
| -- | Pençgah İlahi |
| -- | Kemençe Taksimi |
| -- | Segah İlahi |
| -- | Hüzzam İlahi |
| -- | Hüzzam İlahi |
| 650 #7 - SUBJECT ADDED ENTRY--TOPICAL TERM | |
| Topical term or geographic name entry element | Tasavvuf müziği |
| 9 (RLIN) | 121888 |
| Source of heading or term | etuturkob |
| 700 1# - ADDED ENTRY--PERSONAL NAME | |
| Personal name | Özer, İhsan |
| 9 (RLIN) | 142615 |
| 942 ## - ADDED ENTRY ELEMENTS (KOHA) | |
| Source of classification or shelving scheme | Library of Congress Classification |
| Koha item type | Music digital recording |
| Withdrawn status | Lost status | Source of classification or shelving scheme | Not for loan | Collection code | Home library | Current library | Shelving location | Date acquired | Source of acquisition | Total Checkouts | Full call number | Date last seen | Copy number | Date shelved | Koha item type |
|---|---|---|---|---|---|---|---|---|---|---|---|---|---|---|---|
| Library of Congress Classification | Ödünç verilemez-Teknik işlemde / Not for loan-In technical process | Müzik CD'si, film ve belgesel | Merkez Kütüphane | Merkez Kütüphane | Müzik Koleksiyonu / Music Collection | 08/08/2023 | Bağış / Donation | AV M2188.S8 A53 2017 | 08/08/2023 | 1 | 08/08/2023 | Music digital recording |
